Las mediciones y la calidad de la información contable (Registro nro. 16913)

Detalles MARC
000 -LEADER
fixed length control field 00349 a2200109 4500
001 - CONTROL NUMBER
control field ART_7681
005 - DATE AND TIME OF LATEST TRANSACTION
control field 20260410161720.0
008 - FIXED-LENGTH DATA ELEMENTS--GENERAL INFORMATION
fixed length control field 260409a
100 1# - MAIN ENTRY--PERSONAL NAME
Personal name Barbei, Alejandro A.
245 10 - TITLE STATEMENT
Title Las mediciones y la calidad de la información contable
773 0# - HOST ITEM ENTRY
Title Contabilidad y auditoría
Related parts - Año 14, Nº 28 (dic. 2008)
Record control number REV1723

No hay ítems disponibles.